000 00816nam a2200205 4500
005 20210818221707.0
008 210818s1996 pe a|||fr|||| 001 0 spa d
040 _aCENDOC CAAAP
_bspa
_cCAAAP
041 _aspa
050 _aHA 1069.DJ
_bP45
245 _aJunín :
_bcompendio estadístico departamental 1995-96
250 _a1ra ed.
260 _aLima:
_bINEI,
_c1996
300 _a255 p.:
_bgráficas ;
_c29 cm.
505 _aContiene : Geografía y territorio -- Población y demografía -- Educación y cultura -- Salud -- Vivienda Trabajo -- Interior -- Justicia -- Agropecuario --Pesca -- Minería y petróleo --Manufactura --Electricidad y agua.
650 1 0 _93282
_aEstadísticas
650 2 0 _91407
_aCensos
651 0 _92775
_aJunín (Región: Perú)
_xCondiciones sociales
942 _2lcc
_b19 - 08 - 21
_cBK
999 _c2245
_d2245